Music Quiz

Random Music or Lyrics Quiz

'This song saved my life' Lyrics by Simple Plan Quiz Stats

 Plays Quiz not verified by Sporcle

Challenge
Share
Tweet
Embed
Score 0/288 Timer 10:00
0 Plays Today
% Correct
I
99.1%
I
99.1%
I
99.1%
I
99.1%
I
99.1%
I
99.1%
I
99.1%
I
99.1%
I
99.1%
I
99.1%
I
99.1%
I
99.1%
I
99.1%
I
99.1%
I
99.1%
I
99.1%
I
99.1%
I
99.1%
I
99.1%
I
99.1%
I
99.1%
I
99.1%
I
99.1%
I
99.1%
I
99.1%
x4
99.1%
my
96.9%
my
96.9%
my
96.9%
my
96.9%
my
96.9%
my
96.9%
my
96.9%
my
96.9%
my
96.9%
my
96.9%
my
96.9%
my
96.9%
My
96.9%
my
96.9%
my
96.9%
this:
96.3%
life
96.3%
this
96.3%
life.
96.3%
this
96.3%
life.
96.3%
This
96.3%
life.
96.3%
this
96.3%
this
96.3%
life.
96.3%
this
96.3%
life.
96.3%
This
96.3%
life.
96.3%
this
96.3%
life.
96.3%
this
96.3%
life.
96.3%
This
96.3%
life.
96.3%
life,
96.3%
life,
96.3%
this
96.3%
life.
96.3%
saved
95.1%
saved
95.1%
saved
95.1%
saved
95.1%
saved
95.1%
saved
95.1%
saved
95.1%
saved
95.1%
saved
95.1%
saved
95.1%
song
94.8%
song
94.8%
song
94.8%
song
94.8%
song
94.8%
song
94.8%
song
94.8%
song
94.8%
song
94.8%
song
94.8%
a
94.5%
a
94.5%
you
94.2%
you
94.2%
You
94.2%
you
94.2%
so
94.2%
you.
94.2%
you
94.2%
you,
94.2%
% Correct
so
94.2%
you
94.2%
You
94.2%
be
93.6%
be
93.6%
was
93.6%
was
93.6%
was
93.6%
was
93.6%
was
93.6%
was
93.6%
be.
93.6%
be
93.6%
was
93.6%
was
93.6%
was
93.6%
was
93.6%
was
93.6%
was
93.6%
be.
93.6%
was
93.6%
was
93.6%
was
93.6%
was
93.6%
was
93.6%
was
93.6%
me
93%
me,
93%
me.
93%
me
93%
me
93%
me
93%
me
93%
me
93%
to
92.4%
to
92.4%
to
92.4%
to
92.4%
to
92.4%
know
92%
in
92%
in
92%
in
92%
know
92%
in
92%
know
92%
in
92%
know
92%
in
92%
of
91.7%
it
91.7%
it
91.7%
it
91.7%
of
91.7%
it
91.7%
it
91.7%
it
91.7%
because
90.5%
Because
90.5%
has
90.2%
let
89.3%
lost,
88.7%
lost,
88.7%
lost,
88.7%
broken,
88.4%
broken,
88.4%
broken,
88.4%
by
88.1%
purpose.
88.1%
who
88.1%
wanna
87.8%
letting
87.5%
no
87.5%
start
87.2%
am
87.2%
down,
87.2%
on
87.2%
down.
87.2%
down,
87.2%
on
87.2%
down,
87.2%
on
87.2%
every
86.9%
say.
86.9%
just
86.9%
and
86.9%
just
86.9%
just
86.9%
could've
86.5%
but
86.5%
we
86.5%
could've
86.5%
but
86.5%
could've
86.5%
but
86.5%
myself
85.9%
% Correct
word
85.9%
much
85.9%
bleeding,
85.9%
time.
85.9%
much
85.9%
myself.
85.9%
bleeding,
85.9%
time.
85.9%
bleeding,
85.9%
time.
85.9%
came
85.6%
feel
85.6%
feel
85.6%
feel
85.6%
came
85.6%
came
85.6%
like
85.3%
that
85.3%
believing,
85.3%
like
85.3%
like
85.3%
that
85.3%
believing,
85.3%
that
85.3%
that
85.3%
believing,
85.3%
today,
85%
see
85%
died,
85%
died,
85%
died,
85%
dad
84.7%
I'm
84.4%
stopped
84.4%
closer
84.4%
than
84.4%
I'm
84.4%
stopped
84.4%
I'm
84.4%
stopped
84.4%
are
84.1%
choking,
83.8%
used
83.8%
choking,
83.8%
choking,
83.8%
helped
83.2%
for
82.9%
drowning,
82.9%
drowning,
82.9%
drowning,
82.9%
here
81.3%
if
81.3%
it's
81.3%
where
80.4%
when
80.4%
wouldn't
79.8%
hates
79.5%
gets
79.2%
world
79.2%
wasn't
79.2%
one
79.2%
okay
79.2%
have
79.2%
everyone
78.9%
make
78.9%
nobody
78.6%
else
78.6%
Sometimes
78%
Sometimes
78%
up
77.7%
how
77.4%
better.
77.4%
going
77.1%
trapped
76.1%
through,
76.1%
small
76.1%
never
76.1%
never
76.1%
town,
75.8%
what
75.8%
feels
75.5%
always
75.2%
turn
75.2%
not
75.2%
There's
74.6%
stuck
74.6%
whenever
74.6%
You're
74%
forever,
73.7%
you've
72.2%
known
71.9%
alone,
71.9%
You'll
70.9%
means
70.9%
escape
70.6%
I'll
70.3%

You're not logged in!

Compare scores with friends on all Sporcle quizzes.
OR
Log In

You Might Also Like...

Show Comments

Extras

Top Quizzes Today


Score Distribution

Your Account Isn't Verified!

In order to create a playlist on Sporcle, you need to verify the email address you used during registration. Go to your Sporcle Settings to finish the process.

Report this User

Report this user for behavior that violates our Community Guidelines.

Details: